000 00697nam a2200241Ia 4500
003 OSt
005 20220923224419.0
006 a|||||r|||| 00| 0
007 ta
008 Pun
024 _a232,066
037 _cTextual
040 _aARTS
_cARTS
_bPun
041 _2Pun
_aPun
082 _aO153,1wK, H6
100 _aਅਮੋਲ, ਸ ਸ, ਥਦ.
245 0 _aਸਾਡੇ ਪੁਰਾਣੇ ਕਵੀ
260 _aਅੰਮ੍ਰਿਤਸਰ
_b ਲਿਖਾਰੀ ਬੁਕ ਡੀਪੋ
_c1946
300 _a252ਪੰ
_ccm.
650 _aਪੰਜਾਬੀ ਸਾਹਿਤ
942 _hO153,1wK, H6
_cTEXL
_2CC
999 _c371251
_d371251